Normal view
MARC view
Entry Personal Name
001 - CONTROL NUMBER
- control field: 62210
003 - CONTROL NUMBER IDENTIFIER
- control field: dpl
005 - DATE AND TIME OF LATEST TRANSACTION
- control field: 20240216120126.0
008 - FIXED-LENGTH DATA ELEMENTS
- fixed length control field: 240216|| aca||aabn | a|a d
040 ## - CATALOGING SOURCE
- Original cataloging agency: dpl
- Transcribing agency: dpl
100 ## - HEADING--PERSONAL NAME
- Personal name: Reliance Industies Limited
670 ## - SOURCE DATA FOUND
- Source citation: Work cat.: (dpl)200847: PVC @100 36944, pvc@100 ;, 2014
